Diseño de estructura de pavimento articulado de 2.2 kilómetros lineales de calle, UNAN FAREM Chontales-puente Las Limas, departamento de Chontales
La investigación presenta el diseño de estructura de pavimento articulado de 2.2 kilómetros lineales de carretera por el método Murillo López de Souza. Con esta propuesta se pretende obtener el diseño de una estructura de adoquín para una carretera que cumpla las especificaciones de diseño y...
| Main Authors: | , |
|---|---|
| Other Authors: | |
| Format: | Tesis Section = Libro |
| Language: | Undetermined Spanish |
| Published: |
Managua
UNI
2022
|
| Subjects: |
| LEADER | 01305nam a2200265Ia 4500 | ||
|---|---|---|---|
| 008 | 240830s9999 xx 000 0 und d | ||
| 040 | |a BIBLIOTECA-RUPAP/ Mon 625.85 G984 | ||
| 041 | |a spa | ||
| 082 | |a Mon 625.85 G984 | ||
| 100 | 1 | |a Gutiérrez Ramírez, Andrea Amanda | |
| 100 | 1 | |b Ramos, Marconi, Josué | |
| 245 | 1 | 0 | |a Diseño de estructura de pavimento articulado de 2.2 kilómetros lineales de calle, UNAN FAREM Chontales-puente Las Limas, departamento de Chontales |
| 260 | |a Managua |b UNI |c 2022 | ||
| 300 | |a 60 p. :il. | ||
| 500 | |a Contiene: anexos y CD. | ||
| 502 | |a Tesis (Ingeniero Civil) - UNI, 2022. | ||
| 520 | 3 | |a La investigación presenta el diseño de estructura de pavimento articulado de 2.2 kilómetros lineales de carretera por el método Murillo López de Souza. Con esta propuesta se pretende obtener el diseño de una estructura de adoquín para una carretera que cumpla las especificaciones de diseño y niveles de servicio, así mismo las cargas a las que estará expuesta durante su periodo de diseño. | |
| 650 | 7 | |a PAVIMENTOS | |
| 650 | 7 | |b PAVIMENTOS DE ASFALTO | |
| 650 | 7 | |c ESTUDIOS DE SUELOS | |
| 650 | 7 | |d CONSTRUCCION DE CARRETERAS-NICARAGUA | |
| 700 | 1 | |a Tutor: |b Juárez Romero, Gioconda Isabel | |
| 942 | |c BK |2 ddc | ||
| 991 | |a Tesis | ||
| 999 | |c 19194 | ||